[Event "3. ODEM U25 2006"]
[Site "Willingen GER"]
[Date "2006.06.04"]
[Round "1"]
[White "Naundorf, Jo-Jan"]
[Black "Kyas, Marcel"]
[Result "0-1"]
[Termination "normal"]
[Board "26"]
[WhiteElo "1244"]
[BlackElo "1918"]
[PlyCount "50"]
[BlackFideId "24642037"]
[EventCountry "GER"]
[EventRounds "9"]
[EventType "swiss"]
[EventDate "2006.06.03"]

1. e4 e6 2. Nf3 d5 3. e5 c5 4. c3 Nc6 5. d4 Qb6 6. Nbd2 cxd4 7. cxd4 Nxd4 8.
Nxd4 Qxd4 9. Nf3 Qxd1+ 10. Kxd1 Bd7 11. Be3 Ne7 12. Bd3 Nc6 13. a3 Be7 14. Ke2
O-O 15. Rac1 f6 16. exf6 Bxf6 17. b4 a6 18. Rc2 e5 19. Nd2 d4 20. Bxd4 Nxd4+
21. Ke3 Bg5+ 22. Ke4 Nxc2 23. Nf3 Bc6+ 24. Kxe5 Bf4+ 25. Ke6 Rae8# 0-1

[Event "3. ODEM U25 2006"]
[Site "Willingen GER"]
[Date "2006.06.04"]
[Round "1"]
[White "Reck, Moritz"]
[Black "Weißbeck, Joachim Daniel"]
[Result "1-0"]
[Termination "normal"]
[Board "27"]
[WhiteElo "1904"]
[BlackElo "1233"]
[PlyCount "55"]
[WhiteFideId "24647748"]
[BlackFideId "4639227"]
[EventCountry "GER"]
[EventRounds "9"]
[EventType "swiss"]
[EventDate "2006.06.03"]

1. g3 f5 2. Bg2 Nf6 3. Nc3 g6 4. d3 Bg7 5. e4 d6 6. f4 Nc6 7. Nf3 O-O 8. O-O
Rb8 9. h3 e6 10. Kh2 Ne7 11. e5 dxe5 12. Nxe5 Nd7 13. d4 c5 14. Nxd7 Qxd7 15.
dxc5 Bd4 16. Qe2 Bxc5 17. Rd1 Qc7 18. Nb5 Qb6 19. b4 Bxb4 20. Rb1 a5 21. Bb2
Kf7 22. Be5 Ra8 23. a3 Bc5 24. Nd6+ Kg8 25. Rxb6 Bxb6 26. Nxc8 Raxc8 27. Bxb7
Rc5 28. Bd6 1-0

[Event "3. ODEM U25 2006"]
[Site "Willingen GER"]
[Date "2006.06.04"]
[Round "1"]
[White "Zimmerer, David"]
[Black "Yin, Zixiao"]
[Result "0-1"]
[Termination "normal"]
[Board "28"]
[WhiteElo "1226"]
[BlackElo "1898"]
[PlyCount "120"]
[WhiteFideId "4620224"]
[BlackFideId "24622729"]
[EventCountry "GER"]
[EventRounds "9"]
[EventType "swiss"]
[EventDate "2006.06.03"]

1. e4 g6 2. d4 c6 3. Nc3 Bg7 4. f4 d6 5. Nf3 Bg4 6. Be2 Qb6 7. Na4 Qa5+ 8. Nc3
c5 9. Be3 Qb4 10. a3 Qb6 11. Na4 Qa5+ 12. Nc3 Nc6 13. Bb5 Bxf3 14. Bxc6+ bxc6
15. gxf3 Rb8 16. Ra2 Rxb2 17. Bd2 Rxa2 18. Nxa2 Qb6 19. dxc5 Qxc5 20. Qb1 Qb6
21. Qxb6 axb6 22. O-O Kd7 23. Bc3 Bxc3 24. Nxc3 Nf6 25. a4 Ra8 26. Rb1 Kc7 27.
Rb4 Ra5 28. Rc4 Rc5 29. Rxc5 dxc5 30. Kf2 Kb7 31. Ke3 Ka6 32. Kd3 Ka5 33. Kc4
Nh5 34. f5 gxf5 35. exf5 Ng7 36. Kb3 Nxf5 37. Ne4 Nd4+ 38. Kc3 Nxf3 39. h3 Kxa4
40. Kb2 f6 41. Nc3+ Kb4 42. Nd1 e5 43. c3+ Kc4 44. Kc2 Kd5 45. Ne3+ Ke4 46. Nc4
Ng1 47. h4 Kf3 48. Nd6 e4 49. Kd2 e3+ 50. Ke1 e2 51. Nf5 Ke4 52. Ng3+ Kd3 53.
Nf5 Nf3+ 54. Kf2 e1=Q+ 55. Kxf3 Qe4+ 56. Kg3 Qxf5 57. h5 Ke3 58. h6 Qf3+ 59.
Kh2 Kf2 60. c4 Qh5# 0-1

[Event "3. ODEM U25 2006"]
[Site "Willingen GER"]
[Date "2006.06.04"]
[Round "1"]
[White "Dorn, Matthias"]
[Black "Gogol, Max"]
[Result "1-0"]
[Termination "normal"]
[Board "29"]
[WhiteElo "1893"]
[BlackElo "1220"]
[PlyCount "115"]
[WhiteFideId "24600695"]
[BlackFideId "4620429"]
[EventCountry "GER"]
[EventRounds "9"]
[EventType "swiss"]
[EventDate "2006.06.03"]

1. d4 d5 2. c4 e6 3. Nc3 c6 4. Nf3 Nf6 5. e3 Bd6 6. Bd3 Nbd7 7. O-O O-O 8. Qe2
dxc4 9. Bxc4 Qe7 10. e4 e5 11. d5 cxd5 12. Nxd5 Nxd5 13. Bxd5 Nb6 14. Bg5 Qe8
15. Rfd1 Nxd5 16. Rxd5 Qc6 17. Rc1 Qb6 18. Be3 Qb4 19. Rc4 Qxc4 20. Qxc4 Be6
21. Qd3 Bxd5 22. Qxd5 b6 23. g3 Rad8 24. Bg5 Be7 25. Bxe7 Rxd5 26. exd5 Ra8 27.
d6 f6 28. d7 Kf7 29. d8=Q Rxd8 30. Bxd8 Ke8 31. Bc7 Kd7 32. Bb8 a6 33. Kf1 Kc8
34. Bd6 Kd7 35. Bf8 Ke8 36. Bxg7 Kf7 37. Bh6 Ke6 38. Ke2 Kd5 39. Nd2 b5 40. Kd3
f5 41. f3 a5 42. g4 f4 43. h4 Ke6 44. Ne4 Kf7 45. h5 Ke6 46. Ng5+ Kd5 47. Nxh7
a4 48. g5 e4+ 49. fxe4+ Ke5 50. g6 f3 51. Be3 Ke6 52. Ng5+ Kf6 53. Nxf3 Kg7 54.
Ne5 Kg8 55. h6 Kh8 56. h7 a3 57. Bh6 axb2 58. Nf7# 1-0

[Event "3. ODEM U25 2006"]
[Site "Willingen GER"]
[Date "2006.06.04"]
[Round "1"]
[White "Hauffen, Kai"]
[Black "Rath, Oliver"]
[Result "0-1"]
[Termination "normal"]
[Board "30"]
[WhiteElo "1218"]
[BlackElo "1887"]
[PlyCount "68"]
[BlackFideId "24610380"]
[EventCountry "GER"]
[EventRounds "9"]
[EventType "swiss"]
[EventDate "2006.06.03"]

1. e4 c5 2. Nf3 Nc6 3. d4 cxd4 4. Nxd4 Nf6 5. Nc3 d6 6. Bc4 Bd7 7. Be3 a6 8. f3
Qc7 9. Bb3 Na5 10. Qd2 Nxb3 11. Nxb3 b5 12. O-O-O a5 13. Kb1 e6 14. g4 b4 15.
Ne2 Be7 16. h4 h5 17. g5 Ng8 18. f4 a4 19. Na1 a3 20. b3 Ra7 21. Rhf1 Bb5 22.
f5 e5 23. Rde1 Qc6 24. Qd5 Qxd5 25. exd5 Bd8 26. c4 bxc3 27. Rf2 Ba5 28. Rc1
Ne7 29. Nxc3 Bd3+ 30. Nc2 Bxc3 31. Rf3 Be4 32. Rff1 Nxd5 33. Bg1 Bb2 34. Rce1
Nc3# 0-1

[Event "3. ODEM U25 2006"]
[Site "Willingen GER"]
[Date "2006.06.04"]
[Round "1"]
[White "Schmitt, Philipp"]
[Black "Knies, Jonas"]
[Result "1-0"]
[Termination "normal"]
[Board "31"]
[WhiteElo "1887"]
[BlackElo "1191"]
[PlyCount "113"]
[WhiteFideId "24641766"]
[BlackFideId "4635167"]
[EventCountry "GER"]
[EventRounds "9"]
[EventType "swiss"]
[EventDate "2006.06.03"]

1. e4 d5 2. exd5 Qxd5 3. Nc3 Qa5 4. d4 Nf6 5. Bc4 Nc6 6. Nge2 Bf5 7. Bd2 Qb6 8.
Na4 Nxd4 9. Nxb6 Nxc2+ 10. Kf1 Rd8 11. Rc1 axb6 12. Rxc2 Bxc2 13. Qxc2 e5 14.
g3 Bc5 15. b4 Bxf2 16. Kxf2 Rxd2 17. Qxd2 Ne4+ 18. Ke3 Nxd2 19. Kxd2 O-O 20.
Rf1 Rd8+ 21. Kc2 Rd7 22. Rf5 Re7 23. Nc3 g6 24. Rf1 c6 25. Ne4 Kg7 26. Rf6 Rd7
27. g4 h6 28. h4 g5 29. hxg5 hxg5 30. Rxf7+ Rxf7 31. Bxf7 Kxf7 32. Nxg5+ Kg6
33. Ne4 b5 34. Kd3 b6 35. Ke3 Kf7 36. Kf3 Ke6 37. Kg3 Kf7 38. Kh4 Kg6 39. g5
Kf5 40. Kh5 Kxe4 41. g6 Kd3 42. g7 e4 43. g8=Q e3 44. Qb3+ Ke2 45. Qb2+ Kd3 46.
Qc1 e2 47. Kg4 c5 48. bxc5 bxc5 49. Kf3 c4 50. Qe3+ Kc2 51. Qxe2+ Kb1 52. Ke3
c3 53. Kd3 b4 54. a3 Ka1 55. axb4 c2 56. Kxc2 Ka2 57. Qa6# 1-0

[Event "3. ODEM U25 2006"]
[Site "Willingen GER"]
[Date "2006.06.04"]
[Round "1"]
[White "Imcke, Patrick"]
[Black "Willems, Sebastian"]
[Result "0-1"]
[Termination "normal"]
[Board "32"]
[WhiteElo "1186"]
[BlackElo "1886"]
[PlyCount "46"]
[WhiteFideId "4622502"]
[EventCountry "GER"]
[EventRounds "9"]
[EventType "swiss"]
[EventDate "2006.06.03"]

1. e4 d5 2. exd5 Nf6 3. Nc3 Nxd5 4. Nxd5 Qxd5 5. d4 Nc6 6. Nf3 Bg4 7. Be3 Bxf3
8. Qxf3 Qxf3 9. gxf3 O-O-O 10. Bh3+ Kb8 11. O-O-O e6 12. c4 Be7 13. f4 Bf6 14.
d5 exd5 15. cxd5 Nb4 16. Bg4 Nxa2+ 17. Kd2 Nb4 18. Ke2 Rhe8 19. Kf1 b6 20. Kg1
a5 21. b3 Re7 22. Bf3 Red7 23. d6 Rxd6 0-1

[Event "3. ODEM U25 2006"]
[Site "Willingen GER"]
[Date "2006.06.04"]
[Round "1"]
[White "Jorczik, Andreas"]
[Black "Heinrich, Philipp"]
[Result "1-0"]
[Termination "normal"]
[Board "33"]
[WhiteElo "1867"]
[BlackElo "1180"]
[PlyCount "51"]
[WhiteFideId "24634921"]
[EventCountry "GER"]
[EventRounds "9"]
[EventType "swiss"]
[EventDate "2006.06.03"]

1. d4 d5 2. c4 Nc6 3. e3 Nf6 4. Nc3 e6 5. a3 g6 6. Nf3 Bg7 7. Bd3 b6 8. O-O Bb7
9. c5 Qe7 10. b4 O-O 11. e4 Nxb4 12. e5 Nxd3 13. exf6 Bxf6 14. Qxd3 bxc5 15.
dxc5 Qxc5 16. Bb2 Rab8 17. Na4 Qe7 18. Ne5 Qd6 19. Rfe1 Bxe5 20. Bxe5 Qc6 21.
Nc3 f6 22. Bxc7 Qxc7 23. Rxe6 f5 24. Nxd5 Bxd5 25. Qxd5 Qc2 26. Rc6+ 1-0

[Event "3. ODEM U25 2006"]
[Site "Willingen GER"]
[Date "2006.06.04"]
[Round "1"]
[White "Gussenberg, Torben"]
[Black "Koksch, Florian"]
[Result "0-1"]
[Termination "normal"]
[Board "34"]
[WhiteElo "1140"]
[BlackElo "1847"]
[PlyCount "70"]
[BlackFideId "24613584"]
[EventCountry "GER"]
[EventRounds "9"]
[EventType "swiss"]
[EventDate "2006.06.03"]

1. e4 e5 2. Nf3 Nc6 3. Bc4 Bc5 4. d3 d6 5. h3 Be6 6. Bb3 Nge7 7. Be3 Bb6 8. Nc3
Qd7 9. Qe2 f6 10. Rd1 Nd4 11. Bxd4 exd4 12. Na4 Ba5+ 13. c3 Bxb3 14. axb3 b5
15. b4 Bb6 16. Nxb6 axb6 17. Nxd4 c5 18. Nc2 O-O 19. O-O Rfe8 20. Qd2 Qe6 21.
Na3 Qd7 22. Nc2 Qe6 23. Na3 Qd7 24. c4 bxc4 25. Nxc4 Reb8 26. Qf4 d5 27. exd5
Nxd5 28. Qd6 Qxd6 29. Nxd6 Nxb4 30. d4 Ra2 31. dxc5 bxc5 32. Nc4 Nc2 33. Rd2
Nd4 34. Re1 Ra4 35. Re3 Rxc4 0-1

[Event "3. ODEM U25 2006"]
[Site "Willingen GER"]
[Date "2006.06.04"]
[Round "1"]
[White "Usov, Andreas"]
[Black "Schmalz, David"]
[Result "1/2-1/2"]
[Termination "normal"]
[Board "36"]
[WhiteElo "1126"]
[BlackElo "1809"]
[PlyCount "112"]
[WhiteFideId "24601713"]
[BlackFideId "4642228"]
[EventCountry "GER"]
[EventRounds "9"]
[EventType "swiss"]
[EventDate "2006.06.03"]

1. e4 Nf6 2. Nc3 d5 3. exd5 Nxd5 4. Nge2 Nc6 5. d3 Bg4 6. Bd2 e5 7. h3 Bh5 8.
g4 Bg6 9. Bg2 Nb6 10. f4 Qh4+ 11. Kf1 exf4 12. Bxf4 O-O-O 13. Qd2 Qf6 14. Ke1
Bc5 15. Rf1 Qe7 16. Kd1 Ne5 17. Bxe5 Qxe5 18. Qf4 Qe6 19. Be4 Nc4 20. Ke1 Ne3
21. d4 Nxf1 22. dxc5 Bxe4 23. Nxe4 Rhe8 24. Kxf1 Qxe4 25. Qxe4 Rxe4 26. Nc3 Rd2
27. Nxe4 Rxc2 28. Rb1 f6 29. Kg1 Kd7 30. h4 Rc4 31. Nf2 Rxc5 32. Kg2 Rc2 33.
Kf3 Ke6 34. Nd3 f5 35. Re1+ Kf6 36. g5+ Kg6 37. Re2 Rxe2 38. Kxe2 Kh5 39. Kf3
Kxh4 40. Kf4 g6 41. Nc5 b6 42. Ne6 Kh5 43. Nxc7 h6 44. gxh6 Kxh6 45. Ne6 Kh5
46. b4 Kh6 47. a4 Kh7 48. Kg5 a5 49. bxa5 bxa5 50. Nd4 Kg7 51. Nc6 Kf7 52. Nxa5
Ke6 53. Nc4 Kd5 54. a5 Kc6 55. a6 Kc7 56. Kf4 Kb8 1/2-1/2

[Event "3. ODEM U25 2006"]
[Site "Willingen GER"]
[Date "2006.06.04"]
[Round "1"]
[White "Onasch, Paul"]
[Black "Dräger, Julian"]
[Result "1-0"]
[Termination "normal"]
[Board "37"]
[WhiteElo "1798"]
[BlackElo "1125"]
[PlyCount "97"]
[WhiteFideId "24647896"]
[EventCountry "GER"]
[EventRounds "9"]
[EventType "swiss"]
[EventDate "2006.06.03"]

1. d4 Nf6 2. Nf3 e6 3. e3 c5 4. Bd3 d5 5. c3 Nc6 6. O-O Bd6 7. Nbd2 e5 8. dxe5
Nxe5 9. Nxe5 Bxe5 10. f4 Bc7 11. e4 c4 12. Be2 dxe4 13. Qc2 Bf5 14. Nxc4 O-O
15. Ne3 Bb6 16. Kh1 Bg6 17. f5 Bh5 18. Bxh5 Nxh5 19. Qxe4 Re8 20. Qf3 Qh4 21.
Nd5 Re1 22. Bd2 Re2 23. Nxb6 axb6 24. Bg5 Qe4 25. Qxe4 Rxe4 26. Rae1 Rg4 27.
Bc1 h6 28. a3 Nf6 29. Be3 b5 30. Bd4 Ne4 31. Re2 Re8 32. Rfe1 g5 33. g3 h5 34.
Kg2 Kf8 35. Re3 Nd6 36. Rxe8+ Nxe8 37. Bc5+ Kg7 38. Rxe8 h4 39. Bd4+ f6 40. Kf3
hxg3 41. Kxg4 gxh2 42. Re1 h1=Q 43. Rxh1 b4 44. cxb4 b5 45. Bxf6+ Kxf6 46. Rh6+
Kg7 47. Kxg5 Kg8 48. Kf6 Kf8 49. Rh8# 1-0

[Event "3. ODEM U25 2006"]
[Site "Willingen GER"]
[Date "2006.06.04"]
[Round "1"]
[White "Stövesand, Peter"]
[Black "Huhnstock, Rico"]
[Result "0-1"]
[Termination "normal"]
[Board "38"]
[WhiteElo "1050"]
[BlackElo "1795"]
[PlyCount "92"]
[WhiteFideId "1270624"]
[BlackFideId "24642932"]
[EventCountry "GER"]
[EventRounds "9"]
[EventType "swiss"]
[EventDate "2006.06.03"]

1. e4 c5 2. Nf3 Nc6 3. d4 cxd4 4. Nxd4 Nf6 5. Nc3 e5 6. Nf3 Bb4 7. Bc4 O-O 8.
Bg5 h6 9. Bh4 Bxc3+ 10. bxc3 Qa5 11. Qd3 Nh5 12. O-O Qc5 13. Qd5 Qa3 14. Nxe5
Nf4 15. Qb5 a6 16. Qb3 Qxb3 17. Bxb3 Nxe5 18. Rfe1 b5 19. Bg3 Neg6 20. h4 h5
21. a4 Bb7 22. f3 Rfe8 23. axb5 axb5 24. Rad1 Bc6 25. Rd4 d5 26. e5 Ne6 27. Rd2
Ne7 28. Red1 Rec8 29. f4 Bb7 30. Rd3 Nc5 31. Rf3 d4 32. Rdf1 dxc3 33. f5 Nxb3
34. cxb3 Nd5 35. R3f2 Ne3 36. Rc1 Ng4 37. Rfc2 b4 38. e6 Bd5 39. e7 Bxb3 40.
Re2 Ba4 41. Bf4 b3 42. Ree1 b2 43. Rb1 Bc2 44. g3 Bxb1 45. Rxb1 Ra1 46. Rxa1
bxa1=Q+ 0-1

[Event "3. ODEM U25 2006"]
[Site "Willingen GER"]
[Date "2006.06.04"]
[Round "1"]
[White "Billing, Alexander"]
[Black "Bauer, Hermann"]
[Result "1-0"]
[Termination "normal"]
[Board "39"]
[WhiteElo "1790"]
[BlackElo "1022"]
[PlyCount "49"]
[WhiteFideId "24624420"]
[BlackFideId "24601730"]
[EventCountry "GER"]
[EventRounds "9"]
[EventType "swiss"]
[EventDate "2006.06.03"]

1. e4 c5 2. Nc3 Nc6 3. g3 d6 4. Bg2 g6 5. d3 Bg7 6. Be3 e6 7. Qd2 Nge7 8. Bh6
O-O 9. h4 e5 10. h5 Be6 11. hxg6 fxg6 12. Nf3 Rf7 13. Ng5 Bxh6 14. Rxh6 Qd7 15.
Nxf7 Bxf7 16. O-O-O Kg7 17. Rdh1 Rh8 18. Qg5 Bg8 19. Bh3 Qc7 20. f4 exf4 21.
gxf4 Bf7 22. f5 Ng8 23. fxg6 Bxg6 24. Be6 Nd8 25. Bxg8 1-0

[Event "3. ODEM U25 2006"]
[Site "Willingen GER"]
[Date "2006.06.04"]
[Round "1"]
[White "Wenninger, Philipp"]
[Black "Hinz, Arne"]
[Result "1/2-1/2"]
[Termination "normal"]
[Board "40"]
[WhiteElo "1021"]
[BlackElo "1784"]
[PlyCount "136"]
[WhiteFideId "4648404"]
[BlackFideId "24634875"]
[EventCountry "GER"]
[EventRounds "9"]
[EventType "swiss"]
[EventDate "2006.06.03"]

1. d4 Nf6 2. c4 g6 3. Nc3 Bg7 4. Nf3 d6 5. e3 O-O 6. Be2 Nbd7 7. O-O e5 8. b3
Re8 9. Bb2 b6 10. Ne1 Bb7 11. Bf3 e4 12. Be2 d5 13. Nc2 Nf8 14. f3 dxc4 15.
bxc4 Ne6 16. d5 Nc5 17. fxe4 Nfxe4 18. Nxe4 Rxe4 19. Bxg7 Kxg7 20. Rf3 Qe7 21.
Rg3 Rc8 22. Nd4 Kh8 23. Nc2 Ba6 24. Qd2 Qe5 25. Rf1 f5 26. Qb4 Rh4 27. Nd4 f4
28. Rgf3 fxe3 29. Rf8+ Rxf8 30. Rxf8+ Kg7 31. Ne6+ Qxe6 32. dxe6 Kxf8 33. Qc3
Ke7 34. Qxe3 Re4 35. Qg5+ Kxe6 36. Bg4+ Kd6 37. Qd5+ Ke7 38. Bf3 Re6 39. Qa8
Bxc4 40. Qxa7 Kd6 41. Qa8 Kd7 42. Bg4 h5 43. Bxe6+ Bxe6 44. a3 Bf5 45. Qd5+ Ke7
46. Qc6 Kd8 47. a4 Be4 48. Qf6+ Kc8 49. Qa1 Bc6 50. a5 Kb7 51. axb6 Kxb6 52.
Qb2+ Ka5 53. Qf6 Be4 54. h3 Kb5 55. Kf2 c6 56. Ke3 Bf5 57. Qe5 Kb6 58. Qb8+ Nb7
59. Kd4 Ka6 60. Qc7 c5+ 61. Kc3 Ka7 62. Qf4 Kb6 63. g4 hxg4 64. hxg4 Bb1 65. g5
Bf5 66. Qe5 Kc6 67. Qe8+ Kd5 68. Kd2 Nd6 1/2-1/2

[Event "3. ODEM U25 2006"]
[Site "Willingen GER"]
[Date "2006.06.04"]
[Round "1"]
[White "Groß, Jonathan"]
[Black "Armbrust, Matthias"]
[Result "0-1"]
[Termination "normal"]
[Board "42"]
[WhiteElo "1008"]
[BlackElo "1739"]
[PlyCount "54"]
[EventCountry "GER"]
[EventRounds "9"]
[EventType "swiss"]
[EventDate "2006.06.03"]

1. e4 c5 2. Nf3 d6 3. Bb5+ Nc6 4. Nc3 a6 5. Bxc6+ bxc6 6. d3 g6 7. b3 Bg7 8.
Bb2 Nf6 9. O-O O-O 10. Qd2 Bg4 11. Qe3 Qa5 12. Rab1 d5 13. exd5 cxd5 14. Qxe7
Be6 15. Qc7 Qxc7 16. Ng5 Ng4 17. g3 Bd4 18. Nh3 Ne5 19. Ng5 h6 20. Nxe6 fxe6
21. Nd1 Nf3+ 22. Kg2 Nd2 23. Bxd4 cxd4 24. Re1 Nxb1 25. Rxe6 Qf7 26. Re2 Qf3+
27. Kf1 Qh1# 0-1

[Event "3. ODEM U25 2006"]
[Site "Willingen GER"]
[Date "2006.06.04"]
[Round "1"]
[White "Elser, Niklas"]
[Black "Brühan, Jan"]
[Result "1-0"]
[Termination "normal"]
[Board "43"]
[WhiteElo "1709"]
[BlackElo "1007"]
[PlyCount "91"]
[WhiteFideId "24634573"]
[EventCountry "GER"]
[EventRounds "9"]
[EventType "swiss"]
[EventDate "2006.06.03"]

1. e4 e5 2. Nf3 Nc6 3. d4 exd4 4. Nxd4 Nxd4 5. Qxd4 Nf6 6. Bg5 h6 7. Bh4 g5 8.
Bg3 Qe7 9. Nd2 c5 10. Qe3 h5 11. h4 g4 12. Bd3 Bh6 13. Bf4 Bxf4 14. Qxf4 d6 15.
Nc4 Be6 16. Nxd6+ Kf8 17. f3 Rd8 18. Nxb7 Rd7 19. Nxc5 Qxc5 20. O-O-O Ne8 21.
Qg5 Qxg5+ 22. hxg5 gxf3 23. gxf3 f6 24. Rdg1 h4 25. Bb5 Rg7 26. Bxe8 Kxe8 27.
gxf6 Rxg1+ 28. Rxg1 h3 29. Rh1 Bxa2 30. b3 h2 31. Kb2 Bxb3 32. cxb3 Kf7 33. e5
Rh5 34. f4 Rh4 35. Kc3 Rxf4 36. Rxh2 Rf5 37. Rh7+ Ke6 38. Re7+ Kd5 39. f7 a5
40. e6 Rf3+ 41. Kb2 Rf2+ 42. Ka3 Rf6 43. Re8 Kd4 44. f8=Q Rg6 45. Rd8+ Kc3 46.
Qc5# 1-0

[Event "3. ODEM U25 2006"]
[Site "Willingen GER"]
[Date "2006.06.04"]
[Round "1"]
[White "Tiemann, Tobias"]
[Black "Mertens, Fridolin"]
[Result "0-1"]
[Termination "normal"]
[Board "44"]
[WhiteElo "989"]
[BlackElo "1694"]
[PlyCount "76"]
[WhiteFideId "4642350"]
[BlackFideId "24671940"]
[EventCountry "GER"]
[EventRounds "9"]
[EventType "swiss"]
[EventDate "2006.06.03"]

1. Nc3 d5 2. e4 dxe4 3. Nxe4 e5 4. Ng3 Nf6 5. Bc4 Bc5 6. d3 Nc6 7. Nf3 Bg4 8.
h3 Bxf3 9. Qxf3 Nd4 10. Qd1 O-O 11. O-O Qd7 12. Be3 Nd5 13. Bxd5 Qxd5 14. Bxd4
Bxd4 15. Nf5 Qe6 16. Nxd4 exd4 17. Re1 Qd7 18. Qf3 Qb5 19. Rab1 Rae8 20. Re2 h6
21. a3 c6 22. Qg4 Qd5 23. Kf1 Qa2 24. Rbe1 Rxe2 25. Rxe2 Qb1+ 26. Re1 Qxb2 27.
Qe2 Qxa3 28. Qe7 Qb2 29. Qc5 Qc3 30. Qxa7 Qxc2 31. Qxd4 b5 32. Qe3 Rd8 33. Rc1
Qb3 34. Rxc6 Rxd3 35. Qe8+ Kh7 36. g3 Rd1+ 37. Kg2 Qd5+ 38. f3 Qd2+ 0-1

[Event "3. ODEM U25 2006"]
[Site "Willingen GER"]
[Date "2006.06.04"]
[Round "1"]
[White "Quaschner, Tobias"]
[Black "Plumbaum, Nadja"]
[Result "1-0"]
[Termination "normal"]
[Board "45"]
[WhiteElo "1693"]
[BlackElo "971"]
[PlyCount "51"]
[WhiteFideId "24646989"]
[BlackFideId "24691941"]
[EventCountry "GER"]
[EventRounds "9"]
[EventType "swiss"]
[EventDate "2006.06.03"]

1. e4 c5 2. Nf3 Nc6 3. d4 cxd4 4. Nxd4 Nf6 5. Nc3 g6 6. Bc4 Bg7 7. Be3 d6 8. f3
Bd7 9. Qd2 O-O 10. Nde2 a6 11. O-O-O b5 12. Bb3 Na5 13. h4 Nxb3+ 14. cxb3 Rc8
15. Kb1 Qa5 16. Nd5 Qxd2 17. Nxe7+ Kh8 18. Rxd2 Rc7 19. Nd5 Rc6 20. Rhd1 Be6
21. Nxf6 Bxf6 22. Rxd6 Rxd6 23. Rxd6 a5 24. Bd4 Bxd4 25. Nxd4 Bc8 26. Nxb5 1-0

[Event "3. ODEM U25 2006"]
[Site "Willingen GER"]
[Date "2006.06.04"]
[Round "1"]
[White "Worpenberg, Matthias"]
[Black "Gonnermann, Jan"]
[Result "0-1"]
[Termination "normal"]
[Board "46"]
[WhiteElo "951"]
[BlackElo "1689"]
[PlyCount "86"]
[WhiteFideId "24618128"]
[BlackFideId "24646830"]
[EventCountry "GER"]
[EventRounds "9"]
[EventType "swiss"]
[EventDate "2006.06.03"]

1. e4 e5 2. Nf3 Nc6 3. Bc4 Bc5 4. Nc3 Nf6 5. d3 O-O 6. Bg5 h6 7. Bh4 Be7 8. O-O
d6 9. a3 Be6 10. Bxf6 Bxf6 11. Nd5 Bd7 12. c3 Na5 13. Bb3 Nxb3 14. Qxb3 Bc6 15.
Nxf6+ gxf6 16. Qd1 Kh7 17. Nh4 Qd7 18. Qh5 Rg8 19. Nf5 Rg6 20. Nh4 Rg5 21. Qf3
Qe6 22. Nf5 Rag8 23. h4 Rg4 24. g3 d5 25. Qe3 R4g6 26. f4 dxe4 27. dxe4 Bd7 28.
h5 Rg4 29. fxe5 fxe5 30. Qd3 Qb6+ 31. Kg2 Bxf5 32. exf5 Qxb2+ 33. Kf3 Rxg3+ 34.
Ke4 Rxd3 35. Kxd3 Rg3+ 36. Ke4 Qe2+ 37. Kd5 Rd3+ 38. Kc5 Rxc3+ 39. Kd5 Rd3+ 40.
Kc5 Qc2+ 41. Kb5 c6+ 42. Kb4 Rd4+ 43. Ka5 Qc5# 0-1

[Event "3. ODEM U25 2006"]
[Site "Willingen GER"]
[Date "2006.06.04"]
[Round "1"]
[White "Kling, Felix"]
[Black "Neumair, Dorian"]
[Result "1-0"]
[Termination "normal"]
[Board "47"]
[WhiteElo "1684"]
[BlackElo "950"]
[PlyCount "65"]
[EventCountry "GER"]
[EventRounds "9"]
[EventType "swiss"]
[EventDate "2006.06.03"]

1. d4 d5 2. Nf3 Nc6 3. e3 Bf5 4. c4 dxc4 5. Bxc4 e6 6. a3 Bd6 7. Nc3 Nge7 8. e4
Bg6 9. e5 Bxe5 10. dxe5 Qxd1+ 11. Nxd1 O-O 12. Nc3 Nf5 13. O-O Rad8 14. Bg5 Rd7
15. Rfd1 Rxd1+ 16. Rxd1 h6 17. Bf4 Nfe7 18. b4 Bc2 19. Rd2 Bg6 20. g4 a6 21.
Rd7 b5 22. Bb3 f5 23. Bxe6+ Kh8 24. g5 h5 25. Nd5 Nxd5 26. Bxd5 Nb8 27. Rxc7
Rd8 28. Be6 Kh7 29. Nh4 Be8 30. Bxf5+ Kh8 31. Nf3 Bc6 32. Kg2 Kg8 33. Rc8 1-0

[Event "3. ODEM U25 2006"]
[Site "Willingen GER"]
[Date "2006.06.04"]
[Round "1"]
[White "Giesen, Frank"]
[Black "Weißbeck, Simon"]
[Result "0-1"]
[Termination "normal"]
[Board "48"]
[WhiteElo "901"]
[BlackElo "1672"]
[PlyCount "134"]
[BlackFideId "24646865"]
[EventCountry "GER"]
[EventRounds "9"]
[EventType "swiss"]
[EventDate "2006.06.03"]

1. e4 e6 2. d4 d5 3. exd5 exd5 4. Nf3 Bd6 5. Nc3 Be6 6. Bd3 Nc6 7. Be3 Nge7 8.
Qd2 Qd7 9. Bf4 Bxf4 10. Qxf4 O-O-O 11. O-O h6 12. Ne5 Nxe5 13. Qxe5 Nc6 14. Qe3
a6 15. Na4 Rde8 16. Qd2 Nxd4 17. Nc5 Qc6 18. Nxe6 Nxe6 19. Rac1 Kb8 20. c3 Ng5
21. Rb1 Ne4 22. Qc2 Nc5 23. Be2 Re7 24. b4 Ne4 25. b5 Qxc3 26. Rfc1 Qxc2 27.
Rxc2 axb5 28. Bxb5 Nd6 29. Bc6 Kc8 30. Bxd5 Rhe8 31. g3 Re2 32. Rcb2 Re1+ 33.
Rxe1 Rxe1+ 34. Kg2 Re5 35. Bf3 Rb5 36. Rc2 c6 37. Rd2 Kc7 38. Re2 Kd7 39. Bg4+
f5 40. Bh5 c5 41. Bf3 c4 42. a4 Rc5 43. g4 c3 44. gxf5 c2 45. Bg4 Kd8 46. f6
gxf6 47. Rd2 c1=Q 48. Rxd6+ Ke7 49. Rd7+ Ke8 50. Rxb7 Rg5 51. Rb8+ Ke7 52. Rb7+
Kd6 53. Rd7+ Kc6 54. Rf7 Rxg4+ 55. Kh3 Qg5 56. Rxf6+ Qxf6 57. Kxg4 Qg5+ 58. Kf3
Kd5 59. a5 Ke5 60. a6 Qf4+ 61. Kg2 Qa4 62. Kg3 Ke4 63. f3+ Ke3 64. a7 Qf4+ 65.
Kg2 Qxf3+ 66. Kg1 Qf2+ 67. Kh1 Qf1# 0-1

[Event "3. ODEM U25 2006"]
[Site "Willingen GER"]
[Date "2006.06.04"]
[Round "1"]
[White "Bergner, Philipp"]
[Black "Holle, Eric"]
[Result "1-0"]
[Termination "normal"]
[Board "49"]
[WhiteElo "1668"]
[BlackElo "878"]
[PlyCount "109"]
[WhiteFideId "24664839"]
[BlackFideId "4624610"]
[EventCountry "GER"]
[EventRounds "9"]
[EventType "swiss"]
[EventDate "2006.06.03"]

1. c4 e5 2. Nc3 Bc5 3. Nf3 Nc6 4. e3 Bb4 5. Qc2 Nf6 6. a3 Bc5 7. b4 Be7 8. b5
Na5 9. Nxe5 d6 10. Nf3 Be6 11. Qa4 b6 12. Nd4 O-O 13. Nb3 Nxb3 14. Qxb3 a6 15.
d4 axb5 16. Qxb5 Ra5 17. Qb3 Qd7 18. Bd3 Bf5 19. Bxf5 Qxf5 20. O-O Qg6 21. Ne2
Rg5 22. Nf4 Qe4 23. f3 Qf5 24. e4 Qd7 25. Nd5 Rg6 26. Qb5 Qd8 27. a4 Nxd5 28.
Qxd5 Qd7 29. Qb5 Qh3 30. Qb2 Bf6 31. Kh1 Qh4 32. Be3 c5 33. Qxb6 Bxd4 34. Bxd4
cxd4 35. Qxd4 Rh6 36. h3 Qg3 37. Qf2 Qf4 38. a5 Rc8 39. a6 Qe5 40. a7 Qe8 41.
Qa2 Ra8 42. Rfb1 Qc8 43. Rb8 Rxb8 44. axb8=Q Qxb8 45. Qa8 Qf8 46. Qb7 Re6 47.
Ra6 h6 48. Qd5 Kh7 49. f4 Qe8 50. e5 Rg6 51. Rxd6 Rg3 52. Kh2 Rb3 53. e6 fxe6
54. Rxe6 Qb8 55. Qe4+ 1-0

[Event "3. ODEM U25 2006"]
[Site "Willingen GER"]
[Date "2006.06.04"]
[Round "1"]
[White "Alt, Johannes"]
[Black "Sancar, Kenan"]
[Result "0-1"]
[Termination "normal"]
[Board "50"]
[WhiteElo "677"]
[BlackElo "1661"]
[PlyCount "24"]
[WhiteFideId "24661074"]
[BlackFideId "24647543"]
[EventCountry "GER"]
[EventRounds "9"]
[EventType "swiss"]
[EventDate "2006.06.03"]

1. e4 d5 2. exd5 Qxd5 3. Nc3 Qd6 4. Nf3 Nf6 5. Bc4 a6 6. d4 b5 7. Bb3 Bb7 8.
O-O e6 9. Ne5 c5 10. Bf4 c4 11. Nxf7 Qc6 12. Nxh8 Qxg2# 0-1